01960nam a2200385 i 4500001001000000003000900010005001700019007000300036008004100039040003000080041000800110082002300118245008400141260002000225264005900245300002800304336002700332337003400359338003100393490001500424500007300439500021500512590002600727650006500753650007500818650008900893651009000982700004001072910003701112942001401149952015101163952012001314952012501434999001501559000004033DO-SdBNP20260305073950.0ta090716s1983 dr r 000 0 spa d aDO-SdBNPbspacBNPHUerda aspa 4a336.206bR335i22200aRégimen de incentivos en la economía dominicana /ceditor, Frank Moya Pons. aSanto Domingo : aSanto Domingo, República Dominicana :bFORUM,c1983. a197 páginas ;c23 cm. atextobtxt2rdacontent asin mediación bn2rdamedia avolumen bnc2rdacarrier 0 aFORUM ;v7 aIncluye referencias bibliográficas y notas al pie de las páginas aExposiciones presentadas en el Encuentro sobre Régimen de Incentivos en la Economía Dominicana, celebrado por FORUM el miércoles 17 de noviembre de 1982, en el Salón Caonabo del Hotel Santo Domingo Sur. aInventariado, 2018/LP 4aDesarrollo económicovCONGRESOS, CONFERENCIAS, ETC.912048 4aImpuestoszRepública DominicanavCongresos, conferencia, etc.912049 4aPromoción industrialzRepública DominicanavCongresos, conferencias, etc.912050 4aRepública DominicanaxCondiciones económicasvCongresos, conferencias, etc.970001 aMoya Pons, Frank,d1944-eed.92095 aValidado. Control de calidad MFF 2ddccLBS1 00102ddc56708DSaBNPHUbBNPHUcHDd2019-08-01eDonado por Villa Duarte l0oBNPHU DS 336.206 R335ip4033-30r2020-06-25te.3w2020-06-25yLBS1 00102ddc51708PDaBNPHUbBNPHUcHDd2009-07-16l0oBNPHU PD 336.206 R335ip4033-10r2020-06-25w2020-06-25yLBS1 00112ddc51708PDaBNPHUbBNPHUcHDd2013-07-23l0oBNPHU PD 336.206 R335ip4033-20r2020-06-25te.2w2020-06-25yLBS1 c3852d3852